Proyecto de Código Moral de la República chilena, decretado por el soberano Congreso Constituyente, y encargado por el Senado Conservador al senador Dr. Dn. Juan Egaña

Gardado en:
Detalles Bibliográficos
Autor Principal: Egaña, Juan (Author)
Formato: Libro
Idioma:Lingua castelá
Publicado: Londres D. Manuel Calero, 17, Frederick Place, Goswell Road 1826
Edición:1a. ed
Series:Colección de algunos escritos políticos, morales, poéticos y filosóficos, V
Subjects:
Tags: Engadir etiqueta
Sen Etiquetas, Sexa o primeiro en etiquetar este rexistro!

MARC

LEADER 00000nam a2200000 a 4500
001 UCJ4690
003 CL-VaPUC
008 070124e18260000UK |||||||||||||||||spa|d
082 0 4 |a 983  |b EGA  |2 21 
100 |a Egaña, Juan   |e author  |9 387807 
245 1 0 |a Proyecto de Código Moral de la República chilena, decretado por el soberano Congreso Constituyente, y encargado por el Senado Conservador al senador Dr. Dn. Juan Egaña 
250 |a 1a. ed 
300 |a 268 p 
942 |c BK 
945 |d 20070124 00:00:00  |a rinostro 
260 |a Londres  |b D. Manuel Calero, 17, Frederick Place, Goswell Road  |c 1826 
650 0 |a Ética  |9 255099 
650 0 |a Educación  |9 258661 
650 7 |a MERITO CIUDADANO  |2 CL-VaPUC  |9 508830 
650 7 |a FESTIVIDADES  |2 CL-VaPUC  |9 349920 
650 0 |a Beneficencia  |9 255180 
650 0 |a Partidos políticos  |9 254999 
650 7 |a LIBERTAD DE IMPRENTA  |2 CL-VaPUC  |9 428458 
650 0 |a Censura  |9 349860 
650 0 |a Tribunales  |9 254872 
583 |a last modification  |c 20070124 00:00:00  |k Rodrigo Vera 
490 0 |a Colección de algunos escritos políticos, morales, poéticos y filosóficos, V 
999 |c 320806  |d 320804 
952 |0 0  |1 0  |4 0  |6 983_000000000000000_EGA_1826  |7 0  |8 X  |9 399406  |a FDOBUD  |b FDOBUD  |d 2019-11-22  |i 1023497  |o 983 EGA 1826  |p 1023497  |r 2019-11-22  |w 2019-11-22  |y BK_X  |k BUD